The noble scholar, jurist, historian


 His Excellency Dr. Abdul Wahhab bin Ibrahim Abu Sulaiman, may Allah have mercy on him.


 He was born in Umm Al-Qura in the year 1356 AH.

مسؤولية الطبيب المهنية : (Record no. 6841)

MARC details
000 -LEADER
fixed length control field 02221cam a22003851i 4500
003 - CONTROL NUMBER IDENTIFIER
control field SA-RiAUC
005 - DATE AND TIME OF LATEST TRANSACTION
control field 20250410074906.0
008 - FIXED-LENGTH DATA ELEMENTS--GENERAL INFORMATION
fixed length control field 250409s2000  su f 000 0 ara c
040 ## - CATALOGING SOURCE
Original cataloging agency SA-JeALM
Language of cataloging ara
Transcribing agency SA-RiAUC
Description conventions rda
043 ## - GEOGRAPHIC AREA CODE
Geographic area code a-su---
050 #4 - LIBRARY OF CONGRESS CALL NUMBER
Item number .G43 2000
082 04 - DEWEY DECIMAL CLASSIFICATION NUMBER
Classification number 344.53104121
Assigning agency SA-RiAUC
090 ## - LOCALLY ASSIGNED LC-TYPE CALL NUMBER (OCLC); LOCAL CALL NUMBER (RLIN)
Classification number (OCLC) (R) ; Classification number, CALL (RLIN) (NR) 344.53104121
Local cutter number (OCLC) ; Book number/undivided call number, CALL (RLIN) غ ا م
100 1# - MAIN ENTRY--PERSONAL NAME
Personal name الغامدي، عبد الله بن سالم
Relator term مؤلف.
245 10 - TITLE STATEMENT
Title مسؤولية الطبيب المهنية :
Remainder of title دراسة تأصيلية مقارنة بين الشريعة الإسلامية والقوانين المعاصرة مع دراسة معمقة للنظام السعودي /
Statement of responsibility, etc. عبد الله بن سالم الغامدي.
246 3# - VARYING FORM OF TITLE
Title proper/short title مسئولية الطبيب المهنية :
Remainder of title دراسة تأصيلية مقارنة بين الشريعة الإسلامية والقوانين المعاصرة مع دراسة معمقة للنظام السعودي
250 ## - EDITION STATEMENT
Edition statement الطبعة الأولى.
264 #1 - PRODUCTION, PUBLICATION, DISTRIBUTION, MANUFACTURE, AND COPYRIGHT NOTICE
Place of production, publication, distribution, manufacture جدة، السعودية :
Name of producer, publisher, distributor, manufacturer دار الأندلس الخضراء،
Date of production, publication, distribution, manufacture, or copyright notice 1997
300 ## - PHYSICAL DESCRIPTION
Extent 425 صفحة ؛
Dimensions 24 سم.
336 ## - CONTENT TYPE
Content type term نص
Content type code txt
Source rdacontent
Materials specified كتاب
337 ## - MEDIA TYPE
Media type term بدون وسيط
Media type code n
Source rdamedia
338 ## - CARRIER TYPE
Carrier type term مجلد
Carrier type code nc
Source rdacarrier
490 1# - SERIES STATEMENT
Series statement إصدارات دارة الملك عبد العزيز.
-- الرسائل الجامعية ؛
Volume/sequential designation 7
500 ## - GENERAL NOTE
General note الأصل أطروحة ماجستير.
650 #7 - SUBJECT ADDED ENTRY--TOPICAL TERM
Topical term or geographic name entry element المسئولية الجنائية للأطباء
Geographic subdivision السعودية
Source of heading or term aucsh
650 #7 - SUBJECT ADDED ENTRY--TOPICAL TERM
Topical term or geographic name entry element المسئولية المدنية للأطباء
Geographic subdivision السعودية
Source of heading or term aucsh
650 #7 - SUBJECT ADDED ENTRY--TOPICAL TERM
Topical term or geographic name entry element المسئولية الجنائية للأطباء (فقه إسلامي)
Source of heading or term aucsh
650 #7 - SUBJECT ADDED ENTRY--TOPICAL TERM
Topical term or geographic name entry element المسئولية المدنية للأطباء (فقه إسلامي)
Source of heading or term aucsh
650 #7 - SUBJECT ADDED ENTRY--TOPICAL TERM
Topical term or geographic name entry element الأطباء
General subdivision وضع قانوني، قوانين، إلخ.
Geographic subdivision السعودية
Source of heading or term aucsh
650 #7 - SUBJECT ADDED ENTRY--TOPICAL TERM
Topical term or geographic name entry element الطب
General subdivision قوانين وتشريعات
Geographic subdivision السعودية
Source of heading or term aucsh
653 ## - INDEX TERM--UNCONTROLLED
Uncontrolled term العلوم الاجتماعية
830 #0 - SERIES ADDED ENTRY--UNIFORM TITLE
Uniform title إصدارات دارة الملك عبد العزيز.
Name of part/section of a work سلسلة الرسائل الجامعية
Volume/sequential designation 7
942 ## - ADDED ENTRY ELEMENTS (KOHA)
Source of classification or shelving scheme Dewey Decimal Classification
Koha item type Books
Suppress in OPAC No
949 ## - LOCAL PROCESSING INFORMATION (OCLC)
a SA-JeALM
d 250409
u mohamedma123
n 1
Holdings
Withdrawn status Lost status Source of classification or shelving scheme Damaged status Not for loan Home library Current library Date acquired Total checkouts Full call number Barcode Date last seen Price effective from Koha item type
    Dewey Decimal Classification     DR AbdElwahab Library DR AbdElwahab Library 04/10/2025   344.53104121 غ ا م 000011421 04/10/2025 04/10/2025 Books